| 000 | 00347 a2200157 4500 | ||
|---|---|---|---|
| 001 | 192445 | ||
| 020 | _a978-85-10-04410-3-3 | ||
| 040 | _cMagnum | ||
| 100 | _aSiguemoto, Regina | ||
| 240 | 1 | 0 |
_aBum-que-te-bum-bum-bum _lpor |
| 245 | 1 | 0 | _aBum-que-te-bum-bum-bum |
| 300 | _a16 | ||
| 362 | 0 | _a2008 | |
| 697 | _aLITERATURA INFANTIL | ||
| 942 | _cBK | ||
| 999 |
_c192445 _d192445 |
||